[Event "Skakligaen 2021-22"]
[Site "Denmark"]
[Date "2021.10.31"]
[Round "2.2"]
[White "Schandorff, Lars"]
[Black "Matthiesen, Martin"]
[Result "1/2-1/2"]
[WhiteElo "2458"]
[BlackElo "2325"]
[PlyCount "67"]
[EventDate "2021.10.30"]
[EventType "team-tourn"]
[EventRounds "9"]
[EventCountry "DEN"]
[SourceTitle "Live"]
[WhiteTeam "Hillerod"]
[BlackTeam "SK1968"]

1. d4 d5 2. Nf3 Nf6 3. Bf4 c5 4. e3 Nc6 5. Nbd2 Qb6 6. dxc5 Qxb2 7. Rb1 Qc3 8.
Bb5 g6 9. O-O Bg7 10. Nb3 O-O 11. Bxc6 bxc6 12. Be5 Qc4 13. Qd4 Qxd4 14. exd4
a5 15. Nbd2 Bf5 16. Rb6 Rfc8 17. c4 dxc4 18. Nxc4 Bd3 19. Rc1 Bxc4 20. Rxc4 Nd7
21. Rb7 Bxe5 22. Rxd7 Bf6 23. Rb7 Kf8 24. g3 Ke8 25. Ra4 Kd8 26. Nd2 Rcb8 27.
Rxb8+ Rxb8 28. Nb3 Rb4 29. Rxa5 Bxd4 30. Ra8+ Kd7 31. Ra7+ Kd8 32. Ra8+ Kd7 33.
Ra7+ Kd8 34. Ra8+ 1/2-1/2

[Event "Skakligaen 2021-22"]
[Site "Denmark"]
[Date "2021.10.31"]
[Round "2.3"]
[White "Bank, Pelle Rodkjaer"]
[Black "Percivaldi, Martin"]
[Result "0-1"]
[WhiteElo "2322"]
[BlackElo "2385"]
[PlyCount "94"]
[EventDate "2021.10.30"]
[EventType "team-tourn"]
[EventRounds "9"]
[EventCountry "DEN"]
[SourceTitle "Live"]
[WhiteTeam "SK1968"]
[BlackTeam "Hillerod"]

1. Nf3 e6 2. c4 d5 3. e3 Nf6 4. b3 c5 5. Bb2 Nc6 6. cxd5 exd5 7. Bb5 Bd6 8. O-O
O-O 9. d4 cxd4 10. Nxd4 Bc7 11. Ba3 Nxd4 12. Qxd4 Ng4 13. h3 Bh2+ 14. Kh1 Be5
15. Qd2 Bxa1 16. Bxf8 Nxf2+ 17. Rxf2 Qxf8 18. Qxd5 Be6 19. Qxb7 Rb8 20. Qa6 Qc5
21. Bf1 Qxe3 22. Rf3 Qc1 23. Qd6 Rc8 24. Na3 g5 25. Nc4 h5 26. Qd2 Qxd2 27.
Nxd2 Rc2 28. Ne4 Bd5 29. Nf6+ Bxf6 30. Rxf6 Rxa2 31. b4 Be6 32. Kh2 Kg7 33. Rf3
h4 34. Rc3 Kf6 35. Bc4 Ra4 36. Bxe6 fxe6 37. Rb3 e5 38. b5 e4 39. b6 axb6 40.
Rxb6+ Ke5 41. Rb8 e3 42. Re8+ Kd4 43. Rd8+ Ke4 44. Re8+ Kd3 45. g4 Ra2+ 46. Kg1
Ra1+ 47. Kg2 e2 0-1

[Event "Skakligaen 2021-22"]
[Site "Denmark"]
[Date "2021.10.31"]
[Round "2.6"]
[White "Jaksland, Tim"]
[Black "Pedersen, Gunnar"]
[Result "1-0"]
[WhiteElo "2212"]
[BlackElo "2220"]
[PlyCount "63"]
[EventDate "2021.10.30"]
[EventType "team-tourn"]
[EventRounds "9"]
[EventCountry "DEN"]
[SourceTitle "Live"]
[WhiteTeam "Hillerod"]
[BlackTeam "SK1968"]

1. e4 c5 2. c3 g6 3. d4 Bg7 4. dxc5 Qc7 5. Be3 Na6 6. Bxa6 bxa6 7. Ne2 Rb8 8.
Qd2 a5 9. f3 Ba6 10. Na3 Rb7 11. Rb1 a4 12. Kf2 Nf6 13. b4 axb3 14. axb3 O-O
15. b4 Bxe2 16. Kxe2 Rd8 17. c4 d6 18. Rhd1 Rbb8 19. Nb5 Qb7 20. e5 Ng4 21.
exd6 Nxe3 22. Qxe3 exd6 23. Nxd6 Qa6 24. Kf1 Qa4 25. Qb3 Qc6 26. Qd3 a5 27. Qd5
Qc7 28. bxa5 Rxb1 29. Rxb1 Qxa5 30. Qxf7+ Kh8 31. Qd5 h6 32. Nf7+ 1-0

[Event "Skakligaen 2021-22"]
[Site "Denmark"]
[Date "2021.10.31"]
[Round "2.7"]
[White "Christensen, Thomas K"]
[Black "Ostergaard, Jens"]
[Result "1/2-1/2"]
[WhiteElo "2197"]
[BlackElo "2230"]
[PlyCount "31"]
[EventDate "2021.10.30"]
[EventType "team-tourn"]
[EventRounds "9"]
[EventCountry "DEN"]
[SourceTitle "Live"]
[WhiteTeam "SK1968"]
[BlackTeam "Hillerod"]

1. d4 Nf6 2. c4 e6 3. Nc3 c5 4. d5 exd5 5. cxd5 d6 6. e4 g6 7. Bd3 Bg7 8. h3
O-O 9. Nf3 a6 10. a4 Nh5 11. O-O Nd7 12. Bg5 Bf6 13. Bh6 Bg7 14. Bg5 Bf6 15.
Bh6 Bg7 16. Bg5 1/2-1/2

[Event "Skakligaen 2021-22"]
[Site "Denmark"]
[Date "2021.10.31"]
[Round "2.8"]
[White "Nordenbaek, Jan"]
[Black "Simkin, Mark"]
[Result "1/2-1/2"]
[WhiteElo "2157"]
[BlackElo "2096"]
[PlyCount "61"]
[EventDate "2021.10.30"]
[EventType "team-tourn"]
[EventRounds "9"]
[EventCountry "DEN"]
[SourceTitle "Live"]
[WhiteTeam "Hillerod"]
[BlackTeam "SK1968"]

1. e4 e5 2. Nf3 Nc6 3. Bc4 Nf6 4. Ng5 d5 5. exd5 Na5 6. Bb5+ c6 7. dxc6 bxc6 8.
Bd3 Ng4 9. Ne4 f5 10. Be2 h5 11. h3 fxe4 12. hxg4 Bc5 13. b4 Qd4 14. bxc5 Qxa1
15. Nc3 e3 16. O-O O-O 17. gxh5 exf2+ 18. Rxf2 Rxf2 19. Kxf2 Be6 20. Ba3 Rf8+
21. Kg1 Qxd1+ 22. Bxd1 Rd8 23. d3 Rd4 24. Bc1 Nb7 25. a3 Nxc5 26. Be3 Nxd3 27.
Bxd4 exd4 28. Ne2 Nb2 29. Nxd4 Nxd1 30. Nxe6 Ne3 31. c3 1/2-1/2

[Event "Skakligaen 2021-22"]
[Site "Denmark"]
[Date "2021.10.31"]
[Round "2.1"]
[White "Ochsner, Bjorn Moller"]
[Black "Berkes, Ferenc"]
[Result "0-1"]
[WhiteElo "2506"]
[BlackElo "2671"]
[PlyCount "80"]
[EventDate "2021.10.30"]
[EventType "team-tourn"]
[EventRounds "9"]
[EventCountry "DEN"]
[SourceTitle "Live"]
[WhiteTeam "AarhusSkolerne"]
[BlackTeam "Koge"]

1. e4 e5 2. Nf3 Nc6 3. Bb5 a6 4. Ba4 Nf6 5. O-O Be7 6. Re1 b5 7. Bb3 O-O 8. d4
Nxd4 9. Nxd4 exd4 10. e5 Ne8 11. c3 c5 12. cxd4 c4 13. Bc2 d5 14. Nc3 Nc7 15.
b3 Be6 16. Be3 Qd7 17. Qb1 g6 18. Ne2 b4 19. Nf4 Nb5 20. bxc4 Nc3 21. cxd5 Nxb1
22. dxe6 fxe6 23. Raxb1 Kg7 24. Bb3 Rxf4 25. Bxf4 a5 26. a4 bxa3 27. d5 Rb8 28.
d6 Bd8 29. Be3 a4 30. Bc4 Rxb1 31. Rxb1 Kf7 32. g3 Qc6 33. Ba2 g5 34. Rc1 Qb5
35. Rc8 Qxe5 36. Rxd8 Qa1+ 37. Kg2 Qxa2 38. Rd7+ Kg6 39. Ra7 Qd5+ 40. Kh3 g4+
0-1

[Event "Skakligaen 2021-22"]
[Site "Denmark"]
[Date "2021.10.31"]
[Round "2.2"]
[White "Hammer, Jon Ludvig"]
[Black "Glud, Jakob Vang"]
[Result "1-0"]
[WhiteElo "2608"]
[BlackElo "2524"]
[PlyCount "79"]
[EventDate "2021.10.30"]
[EventType "team-tourn"]
[EventRounds "9"]
[EventCountry "DEN"]
[SourceTitle "Live"]
[WhiteTeam "Koge"]
[BlackTeam "AarhusSkolerne"]

1. e4 e5 2. Nf3 Nc6 3. Bb5 a6 4. Ba4 d6 5. c3 Bd7 6. O-O g6 7. d4 Bg7 8. dxe5
Nxe5 9. Nxe5 dxe5 10. Be3 Nf6 11. f3 O-O 12. Bxd7 Qxd7 13. Qxd7 Nxd7 14. Nd2
Rfd8 15. Nc4 b5 16. Na5 Nb6 17. Bxb6 cxb6 18. Nc6 Rd6 19. Ne7+ Kf8 20. Nd5 Rc8
21. a4 bxa4 22. Rxa4 a5 23. b4 axb4 24. Rxb4 Bf6 25. Ra1 Be7 26. Rb5 Re6 27.
Kf1 Bc5 28. Ke2 h5 29. Kd3 g5 30. Ra7 g4 31. fxg4 hxg4 32. Rb1 Kg7 33. Rf1 Rf8
34. Rf5 Kg6 35. h3 g3 36. Ke2 f6 37. Kf3 Bf2 38. Ne7+ Kf7 39. Rh5 Ke8 40. Nf5
1-0

[Event "Skakligaen 2021-22"]
[Site "Denmark"]
[Date "2021.10.31"]
[Round "2.3"]
[White "Skytte, Rasmus"]
[Black "Thybo, Jesper Sondergaard"]
[Result "0-1"]
[WhiteElo "2378"]
[BlackElo "2602"]
[PlyCount "63"]
[EventDate "2021.10.30"]
[EventType "team-tourn"]
[EventRounds "9"]
[EventCountry "DEN"]
[SourceTitle "Live"]
[WhiteTeam "AarhusSkolerne"]
[BlackTeam "Koge"]

1. c4 c5 2. Nf3 Nf6 3. Nc3 e6 4. d4 cxd4 5. Nxd4 a6 6. e4 Qc7 7. Bd3 Nc6 8.
Nxc6 dxc6 9. O-O e5 10. Bg5 Bc5 11. Rb1 a5 12. a3 Be6 13. Bxf6 gxf6 14. b4 Bd4
15. Ne2 c5 16. Nxd4 cxd4 17. Qd2 axb4 18. Qxb4 Ra7 19. f4 exf4 20. Rb3 Rg8 21.
Qb5+ Bd7 22. Qh5 Qe5 23. Qf3 Ba4 24. Rb2 Bc6 25. Qxf4 Rxa3 26. Rd2 Ke7 27. Qf2
Rga8 28. c5 R8a5 29. Bc4 Ra1 30. Rxd4 R5a4 31. h3 Rxf1+ 32. Kxf1 0-1

[Event "Skakligaen 2021-22"]
[Site "Denmark"]
[Date "2021.10.31"]
[Round "2.4"]
[White "Rozentalis, Eduardas"]
[Black "Sorensen, Jan"]
[Result "1-0"]
[WhiteElo "2513"]
[BlackElo "2369"]
[PlyCount "105"]
[EventDate "2021.10.30"]
[EventType "team-tourn"]
[EventRounds "9"]
[EventCountry "DEN"]
[SourceTitle "Live"]
[WhiteTeam "Koge"]
[BlackTeam "AarhusSkolerne"]

1. e4 e6 2. d4 d5 3. Nd2 Be7 4. e5 c5 5. c3 cxd4 6. cxd4 Qb6 7. Ndf3 Bd7 8. Bd3
Bb5 9. Ne2 Bxd3 10. Qxd3 Qa6 11. Qd1 Bb4+ 12. Kf1 Ne7 13. a3 Ba5 14. h4 Nd7 15.
h5 h6 16. g3 Rc8 17. Bf4 f6 18. Kg2 O-O 19. b3 Bc7 20. Re1 fxe5 21. dxe5 Nc5
22. Nc1 Nf5 23. Bd2 Rf7 24. Bb4 Ne4 25. Nd3 Bb6 26. Ra2 Ba5 27. Rc2 Rxc2 28.
Qxc2 Rc7 29. Qd1 Bxb4 30. axb4 Rc3 31. Nf4 Qb6 32. Qe2 Qc6 33. b5 Qc8 34. Qd1
Rc2 35. Re2 Rc1 36. Qd3 Rc3 37. Qd1 Rc1 38. Qd3 Rc3 39. Qd1 Nxf2 40. Kxf2 Qc5+
41. Kg2 Ne3+ 42. Rxe3 Qxe3 43. Nxe6 Rd3 44. Qf1 Rxb3 45. Ned4 Rb2+ 46. Kh3 Rf2
47. Qd1 Rb2 48. e6 Rf2 49. g4 Rb2 50. Kg3 Kh7 51. Qa1 Qf2+ 52. Kf4 Rb4 53. e7
1-0

[Event "Skakligaen 2021-22"]
[Site "Denmark"]
[Date "2021.10.31"]
[Round "2.5"]
[White "Vinter Schou, Uffe"]
[Black "Danielsen, Henrik"]
[Result "0-1"]
[WhiteElo "2297"]
[BlackElo "2517"]
[PlyCount "155"]
[EventDate "2021.10.30"]
[EventType "team-tourn"]
[EventRounds "9"]
[EventCountry "DEN"]
[SourceTitle "Live"]
[WhiteTeam "AarhusSkolerne"]
[BlackTeam "Koge"]

1. e4 e5 2. Nf3 Nf6 3. Nc3 Bb4 4. Nxe5 O-O 5. Be2 Re8 6. Nd3 Bxc3 7. dxc3 Nxe4
8. Nf4 d6 9. O-O Nd7 10. Be3 Ndf6 11. c4 b6 12. Re1 Bb7 13. Bf1 Qd7 14. f3 Nc5
15. Qd2 Ne6 16. Nd5 Nxd5 17. cxd5 Nf8 18. Bf2 Rxe1 19. Rxe1 Re8 20. Rxe8 Qxe8
21. Qd4 Ng6 22. b3 Ne7 23. c4 Bc8 24. Qb2 Ng6 25. Bd4 f6 26. Qd2 Bf5 27. g4 Bd7
28. Qe3 Ne5 29. h3 g5 30. Qe4 c5 31. Bc3 Qe7 32. f4 gxf4 33. Qxf4 Be8 34. Bg2
h5 35. gxh5 Bxh5 36. Kh2 Bg6 37. Qh6 Qh7 38. Qf4 Kg7 39. Bd2 Bf5 40. Qg3+ Qg6
41. Qe3 Qh5 42. Qf4 Bb1 43. a3 Qe2 44. Qg3+ Kf7 45. Bh6 Bg6 46. Qf4 Bh5 47. Kg3
Qd3+ 48. Kh2 Qc2 49. Qe3 Bf3 50. Qd2 Qxb3 51. Bf1 Be4 52. Be2 Qb1 53. Qc1 Qxc1
54. Bxc1 Bd3 55. Bh5+ Kg7 56. Be8 Bxc4 57. Bc6 b5 58. Kg3 a5 59. Bd2 b4 60.
axb4 axb4 61. Kf4 Bd3 62. Ba4 Bf1 63. h4 Bg2 64. Kf5 Bxd5 65. h5 Kf7 66. Bc2 b3
67. Bb1 Nc4 68. Bc3 Na3 69. Bd3 c4 70. Be2 Be6+ 71. Ke4 Nb5 72. Bb2 d5+ 73. Kf4
d4 74. h6 Kg6 75. Bh5+ Kxh6 76. Be8 Nc3 77. Bc6 Kg7 78. Bc1 0-1

[Event "Skakligaen 2021-22"]
[Site "Denmark"]
[Date "2021.10.31"]
[Round "2.6"]
[White "Brunello, Sabino"]
[Black "Sogaard, Soren"]
[Result "1-0"]
[WhiteElo "2499"]
[BlackElo "2282"]
[PlyCount "47"]
[EventDate "2021.10.30"]
[EventType "team-tourn"]
[EventRounds "9"]
[EventCountry "DEN"]
[SourceTitle "Live"]
[WhiteTeam "Koge"]
[BlackTeam "AarhusSkolerne"]

1. d4 Nf6 2. c4 g6 3. Nc3 Bg7 4. e4 d6 5. h3 Nbd7 6. g4 e5 7. d5 Nc5 8. Qc2 a5
9. Be3 O-O 10. f3 c6 11. h4 cxd5 12. cxd5 h5 13. g5 Ne8 14. O-O-O Bd7 15. Bxc5
dxc5 16. d6 Bc6 17. Rh2 Kh8 18. Kb1 b6 19. Rhd2 f6 20. d7 Nc7 21. Rd6 Bb7 22.
Nh3 Ba6 23. Bxa6 Nxa6 24. f4 1-0

[Event "Skakligaen 2021-22"]
[Site "Denmark"]
[Date "2021.10.31"]
[Round "2.7"]
[White "Pedersen, Finn"]
[Black "Smith, Axel"]
[Result "1/2-1/2"]
[WhiteElo "2294"]
[BlackElo "2435"]
[PlyCount "125"]
[EventDate "2021.10.30"]
[EventType "team-tourn"]
[EventRounds "9"]
[EventCountry "DEN"]
[SourceTitle "Live"]
[WhiteTeam "AarhusSkolerne"]
[BlackTeam "Koge"]

1. Nf3 c5 2. e3 g6 3. d4 Bg7 4. Be2 Nf6 5. O-O O-O 6. Nbd2 d5 7. c3 Qc7 8. b4
cxd4 9. cxd4 Qc3 10. Rb1 Bf5 11. Rb3 Qc8 12. Bd3 Nc6 13. Ba3 Qe6 14. Qb1 Rfc8
15. Rc1 a6 16. Rbc3 Na7 17. Bb2 Nb5 18. Rxc8+ Rxc8 19. Ne5 Nd6 20. Nb3 b6 21.
Nd2 Nfe4 22. Nxe4 Bxe4 23. Bxe4 Nxe4 24. Rc2 Nd6 25. h3 Nc4 26. Nxc4 dxc4 27.
Bc3 Rd8 28. b5 a5 29. a4 Rd5 30. Qf1 Qe4 31. Rc1 e5 32. dxe5 Rd3 33. Bd4 Bxe5
34. Bxe5 Qxe5 35. Rxc4 Rd2 36. Qc1 Qd6 37. Rc8+ Kg7 38. Qa1+ Kh6 39. Rc1 Rd3
40. Qb2 Rd1+ 41. Rxd1 Qxd1+ 42. Kh2 Qxa4 43. Qe5 Qh4 44. f4 Qd8 45. g4 f6 46.
Qc3 g5 47. h4 gxf4 48. exf4 Qd6 49. g5+ Kg7 50. Kg3 h6 51. gxf6+ Qxf6 52. Qc7+
Kf8 53. Qc8+ Kf7 54. Qc7+ Kf8 55. Qc8+ Kg7 56. Qc7+ Kg8 57. Qc6 Kf7 58. Qc7+
Kg8 59. Qc6 Kg7 60. Qc7+ Kh8 61. Qc6 Kg7 62. Qc7+ Kf8 63. Qc8+ 1/2-1/2

[Event "Skakligaen 2021-22"]
[Site "Denmark"]
[Date "2021.10.31"]
[Round "2.8"]
[White "Ahlander, Bjorn"]
[Black "Boe, Mads"]
[Result "1-0"]
[WhiteElo "2363"]
[BlackElo "2243"]
[PlyCount "83"]
[EventDate "2021.10.30"]
[EventType "team-tourn"]
[EventRounds "9"]
[EventCountry "DEN"]
[SourceTitle "Live"]
[WhiteTeam "Koge"]
[BlackTeam "AarhusSkolerne"]

1. d4 d5 2. Nf3 Nc6 3. c4 Bg4 4. e3 e6 5. Nc3 Bb4 6. h3 Bxf3 7. Qxf3 Nf6 8. Bd3
e5 9. cxd5 Qxd5 10. Qxd5 Nxd5 11. Bd2 O-O-O 12. a3 Ba5 13. Be4 Nde7 14. b4 Bb6
15. dxe5 Nxe5 16. Ke2 Nc4 17. Be1 Rhe8 18. g4 Ng6 19. h4 Kb8 20. h5 Nge5 21.
Rg1 g6 22. Rg3 Nd6 23. Bc2 f5 24. gxf5 Nxf5 25. Bxf5 gxf5 26. Rd1 Rxd1 27. Kxd1
Nd3 28. Nd5 Rd8 29. Ke2 c5 30. Kxd3 Rxd5+ 31. Kc4 Rd1 32. Bc3 cxb4 33. axb4 Rd7
34. Be5+ Kc8 35. Rg8+ Rd8 36. Rg5 Kd7 37. Bf6 Rf8 38. Bg7 Rf7 39. Kd5 Bd8 40.
Rg2 a5 41. b5 Bb6 42. Be5 1-0

[Event "Skakligaen 2021-22"]
[Site "Denmark"]
[Date "2021.10.31"]
[Round "2.1"]
[White "Svane, Rasmus"]
[Black "Hector, Jonny"]
[Result "1/2-1/2"]
[WhiteElo "2625"]
[BlackElo "2443"]
[PlyCount "71"]
[EventDate "2021.10.30"]
[EventType "team-tourn"]
[EventRounds "9"]
[EventCountry "DEN"]
[SourceTitle "Live"]
[WhiteTeam "Skanderborg"]
[BlackTeam "Nordkalotten"]

1. d4 d5 2. c4 e6 3. Nf3 Nf6 4. g3 dxc4 5. Bg2 Bd7 6. Ne5 Bc6 7. Nxc6 Nxc6 8.
O-O Qd7 9. e3 h5 10. Nd2 Na5 11. b3 cxb3 12. axb3 Nc6 13. Bb2 Be7 14. Nc4 O-O
15. Qe2 Qe8 16. f4 g6 17. Rad1 a5 18. e4 a4 19. f5 exf5 20. exf5 axb3 21. Qd2
Rd8 22. d5 b5 23. Qc3 Nb4 24. Nd2 Nbxd5 25. Bxd5 b4 26. Qc4 Nxd5 27. fxg6 fxg6
28. Ne4 Rxf1+ 29. Rxf1 Kh7 30. Rf3 Qg8 31. Qf1 Rf8 32. Ng5+ Kh6 33. Nf7+ Kh7
34. Ng5+ Kh6 35. Nf7+ Kh7 36. Ng5+ 1/2-1/2

[Event "Skakligaen 2021-22"]
[Site "Denmark"]
[Date "2021.10.31"]
[Round "2.2"]
[White "Brynell, Stellan"]
[Black "Andersen, Mads"]
[Result "0-1"]
[WhiteElo "2431"]
[BlackElo "2572"]
[PlyCount "60"]
[EventDate "2021.10.30"]
[EventType "team-tourn"]
[EventRounds "9"]
[EventCountry "DEN"]
[SourceTitle "Live"]
[WhiteTeam "Nordkalotten"]
[BlackTeam "Skanderborg"]

1. d4 d5 2. c4 dxc4 3. Nf3 Nf6 4. e3 e6 5. Bxc4 c5 6. O-O a6 7. Qe2 b5 8. Bb3
Bb7 9. Rd1 Nbd7 10. Nc3 Qc7 11. d5 c4 12. dxe6 fxe6 13. Bc2 Bd6 14. e4 O-O 15.
a3 Rae8 16. Bg5 Ne5 17. Nxe5 Bxe5 18. g3 h6 19. Bd2 Bd4 20. Be1 e5 21. b3 Bc8
22. Kh1 Qf7 23. bxc4 Bg4 24. f3 Qh5 25. fxg4 Nxg4 26. h4 Bxc3 27. Bd3 Bxe1 28.
Rxe1 Rf2 29. Qd1 Rh2+ 30. Kg1 Qf7 0-1

[Event "Skakligaen 2021-22"]
[Site "Denmark"]
[Date "2021.10.31"]
[Round "2.3"]
[White "Svane, Frederik"]
[Black "Kristensen, Kaare Hove"]
[Result "1-0"]
[WhiteElo "2470"]
[BlackElo "2345"]
[PlyCount "133"]
[EventDate "2021.10.30"]
[EventType "team-tourn"]
[EventRounds "9"]
[EventCountry "DEN"]
[SourceTitle "Live"]
[WhiteTeam "Skanderborg"]
[BlackTeam "Nordkalotten"]

1. e4 c5 2. Nf3 d6 3. d4 cxd4 4. Nxd4 Nf6 5. Nc3 Nc6 6. Bg5 e6 7. Qd2 Nxd4 8.
Qxd4 Be7 9. Bb5+ Bd7 10. Bxd7+ Qxd7 11. O-O-O Qc6 12. Bxf6 Bxf6 13. Qxd6 Bxc3
14. Qxc6+ bxc6 15. bxc3 Ke7 16. Rd4 Rhb8 17. Rhd1 Rb7 18. R1d3 e5 19. Rc4 Rc8
20. Rc5 f6 21. c4 Rd7 22. Ra5 Rcc7 23. Kd2 Rxd3+ 24. cxd3 c5 25. g3 g5 26. Rb5
Kd7 27. Ra5 h5 28. h4 g4 29. Rb5 Ke6 30. Ra5 Kf7 31. Ke3 Kg6 32. Ra6 Kf7 33.
Rd6 Ke7 34. Ra6 Kf7 35. Ra3 Rb7 36. Ra5 Rc7 37. Rb5 Ke6 38. Rb3 Kf7 39. Rb8 Kg6
40. Rg8+ Kf7 41. Rh8 Kg6 42. Rg8+ Kf7 43. Rd8 Kg6 44. Rd6 Kf7 45. f4 gxf3 46.
Kxf3 Ke7 47. Ra6 Rd7 48. Ra3 Ke6 49. g4 a5 50. gxh5 f5 51. exf5+ Kxf5 52. Ke3
Rh7 53. Rxa5 Rxh5 54. Rxc5 Rxh4 55. a4 Rh3+ 56. Kd2 Ke6 57. a5 Rh2+ 58. Kc3 Ra2
59. Rd5 Ra1 60. Kb4 Ra2 61. Kb5 Rb2+ 62. Kc6 Ra2 63. Kb7 Ra3 64. a6 Rb3+ 65.
Rb5 Rxd3 66. a7 Rd7+ 67. Ka6 1-0

[Event "Skakligaen 2021-22"]
[Site "Denmark"]
[Date "2021.10.31"]
[Round "2.4"]
[White "Hove, Esben Kjems"]
[Black "Andersen, Jackie"]
[Result "0-1"]
[WhiteElo "2335"]
[BlackElo "2398"]
[PlyCount "72"]
[EventDate "2021.10.30"]
[EventType "team-tourn"]
[EventRounds "9"]
[EventCountry "DEN"]
[SourceTitle "Live"]
[WhiteTeam "Nordkalotten"]
[BlackTeam "Skanderborg"]

1. d4 g6 2. Nf3 Bg7 3. g3 d6 4. Bg2 Nd7 5. O-O c5 6. c4 Ngf6 7. Nc3 O-O 8. b3
a6 9. Bb2 Rb8 10. dxc5 Nxc5 11. Nd4 e5 12. Nc2 b5 13. cxb5 axb5 14. b4 Ne6 15.
e4 h5 16. Qd3 Qb6 17. Rad1 Rd8 18. Ne3 h4 19. a3 Nc7 20. gxh4 Be6 21. Ncd5
Ncxd5 22. exd5 Bd7 23. Bf3 Re8 24. Qb3 Qd8 25. Ng2 Bh3 26. Bc1 Qd7 27. Bg5 Qf5
28. Bxf6 Bxf6 29. Be4 Qxe4 30. Qxh3 Kg7 31. f4 Rh8 32. fxe5 Bxe5 33. Qd7 Rbf8
34. Qxb5 Qg4 35. Kh1 Qh3 36. Nf4 Qxh4 0-1

[Event "Skakligaen 2021-22"]
[Site "Denmark"]
[Date "2021.10.31"]
[Round "2.5"]
[White "Pedersen, Nicolai Vesterbaek"]
[Black "Schmidt, Kristen"]
[Result "1/2-1/2"]
[WhiteElo "2365"]
[BlackElo "2315"]
[PlyCount "96"]
[EventDate "2021.10.30"]
[EventType "team-tourn"]
[EventRounds "9"]
[EventCountry "DEN"]
[SourceTitle "Live"]
[WhiteTeam "Skanderborg"]
[BlackTeam "Nordkalotten"]

1. d4 Nf6 2. c4 g6 3. Nc3 Bg7 4. e4 d6 5. f3 O-O 6. Nge2 c6 7. Ng3 e5 8. d5
cxd5 9. cxd5 Qb6 10. Bd3 Na6 11. Qe2 Nc5 12. Bc2 Bd7 13. Rb1 a5 14. Be3 h5 15.
Qd2 h4 16. Nge2 Nh5 17. O-O f5 18. exf5 gxf5 19. f4 exf4 20. Nxf4 Nxf4 21. Rxf4
h3 22. gxh3 Rae8 23. Bd4 Bxd4+ 24. Qxd4 Re7 25. Kh1 Rg7 26. h4 Rff7 27. h5 Qd8
28. h6 Rg5 29. Rg1 Rxg1+ 30. Qxg1+ Kh7 31. Ne2 Qf6 32. Nc3 b5 33. a3 Qe5 34.
Qg3 Re7 35. Kg2 Re8 36. Qf2 Kh8 37. h7 Re7 38. Kf1 a4 39. Rg4 Rxh7 40. Rh4 Qf6
41. Rf4 Qe5 42. Rh4 Rxh4 43. Qxh4+ Kg7 44. Qg5+ Kf7 45. h4 Qf6 46. Qf4 Qe5 47.
Qg5 Qf6 48. Qf4 Qe5 1/2-1/2

[Event "Skakligaen 2021-22"]
[Site "Denmark"]
[Date "2021.10.31"]
[Round "2.6"]
[White "Sylvan, Jacob"]
[Black "Brondt, Nicolai Kvist"]
[Result "1/2-1/2"]
[WhiteElo "2295"]
[BlackElo "2217"]
[PlyCount "92"]
[EventDate "2021.10.30"]
[EventType "team-tourn"]
[EventRounds "9"]
[EventCountry "DEN"]
[SourceTitle "Live"]
[WhiteTeam "Nordkalotten"]
[BlackTeam "Skanderborg"]

1. e4 c5 2. Nf3 e6 3. d4 cxd4 4. Nxd4 Nc6 5. Nc3 Qc7 6. g3 a6 7. Bg2 Nf6 8. O-O
Nxd4 9. Qxd4 Bc5 10. Bf4 d6 11. Qd2 h6 12. Rad1 e5 13. Be3 Be6 14. Bxc5 dxc5
15. Nd5 Bxd5 16. exd5 Qd6 17. f4 O-O 18. fxe5 Qxe5 19. d6 Qxb2 20. c4 Qxd2 21.
Rxd2 Rab8 22. a4 Rfd8 23. Rb1 b6 24. Re1 Kf8 25. Bc6 Ne8 26. d7 Nc7 27. Rf2 b5
28. axb5 axb5 29. cxb5 Nxb5 30. Re8+ Rxe8 31. dxe8=Q+ Rxe8 32. Bxb5 Re7 33. Re2
Rxe2 34. Bxe2 Ke7 35. Kf2 Kd6 36. Ke3 Ke5 37. Kd3 g6 38. Bf3 f5 39. Kc4 h5 40.
Kxc5 h4 41. Kc4 hxg3 42. hxg3 g5 43. Kd3 g4 44. Bxg4 f4 45. gxf4+ Kxf4 46. Bc8
Ke5 1/2-1/2

[Event "Skakligaen 2021-22"]
[Site "Denmark"]
[Date "2021.10.31"]
[Round "2.7"]
[White "Berg, Klaus"]
[Black "Jakobsen, Peter"]
[Result "1/2-1/2"]
[WhiteElo "2287"]
[BlackElo "2194"]
[PlyCount "45"]
[EventDate "2021.10.30"]
[EventType "team-tourn"]
[EventRounds "9"]
[EventCountry "DEN"]
[SourceTitle "Live"]
[WhiteTeam "Skanderborg"]
[BlackTeam "Nordkalotten"]

1. c4 Nf6 2. Nc3 g6 3. g3 Bg7 4. Bg2 O-O 5. e4 d6 6. Nge2 c5 7. d3 Nc6 8. h3 a6
9. Be3 Rb8 10. a4 Ne8 11. Qd2 Nd4 12. Rb1 Bd7 13. Bh6 Nxe2 14. Bxg7 Nxg7 15.
Qxe2 Ne6 16. O-O Nd4 17. Qe3 b5 18. axb5 axb5 19. cxb5 Bxb5 20. f4 Bd7 21. g4
f5 22. gxf5 gxf5 23. e5 1/2-1/2

[Event "Skakligaen 2021-22"]
[Site "Denmark"]
[Date "2021.10.31"]
[Round "2.8"]
[White "Ejsing, Esben"]
[Black "Larsen, Jonas Chul Bistrup"]
[Result "1-0"]
[WhiteElo "2127"]
[BlackElo "1802"]
[PlyCount "65"]
[EventDate "2021.10.30"]
[EventType "team-tourn"]
[EventRounds "9"]
[EventCountry "DEN"]
[SourceTitle "Live"]
[WhiteTeam "Nordkalotten"]
[BlackTeam "Skanderborg"]

1. c4 c5 2. Nf3 Nc6 3. g3 g6 4. Bg2 Bg7 5. O-O d6 6. Nc3 e5 7. a3 Be6 8. d3 h6
9. Rb1 f5 10. e4 Nf6 11. Nh4 Kf7 12. exf5 Bxf5 13. Nxf5 gxf5 14. f4 Qd7 15. Nd5
h5 16. fxe5 Nxe5 17. b4 Rab8 18. Rb2 h4 19. Rbf2 hxg3 20. hxg3 Nxd5 21. Bxd5+
Ke7 22. bxc5 Rh3 23. Bf4 Rbh8 24. d4 Ng4 25. Rb2 dxc5 26. Re2+ Kf8 27. dxc5 Bf6
28. Bd6+ Kg7 29. Bg2 Qf7 30. Rxf5 Qxc4 31. Rf4 Qc3 32. Rxg4+ Kf7 33. Qd5# 1-0

[Event "Skakligaen 2021-22"]
[Site "Denmark"]
[Date "2021.10.31"]
[Round "2.1"]
[White "Rasmussen, Allan Stig"]
[Black "Korley, Kassa"]
[Result "1/2-1/2"]
[WhiteElo "2566"]
[BlackElo "2407"]
[PlyCount "55"]
[EventDate "2021.10.30"]
[EventType "team-tourn"]
[EventRounds "9"]
[EventCountry "DEN"]
[SourceTitle "Live"]
[WhiteTeam "Jetsmark"]
[BlackTeam "Obro"]

1. c4 c5 2. Nf3 Nc6 3. Nc3 e6 4. e3 d5 5. d4 Nf6 6. cxd5 Nxd5 7. Bd3 Nf6 8. O-O
cxd4 9. exd4 Be7 10. Re1 O-O 11. Bg5 b6 12. a3 Bb7 13. Bc2 h6 14. Bh4 Nh5 15.
Re4 Bxh4 16. Rxh4 Nf6 17. Qd2 Ne7 18. Rh3 Nf5 19. Rd1 Nd5 20. Ne4 Rc8 21. Bb1
Nf6 22. Nxf6+ Qxf6 23. g4 Bxf3 24. Rxf3 Qxd4 25. Bxf5 Qxd2 26. Rxd2 exf5 27.
Rxf5 Rfd8 28. Re2 1/2-1/2

[Event "Skakligaen 2021-22"]
[Site "Denmark"]
[Date "2021.10.31"]
[Round "2.2"]
[White "Nielsen, Viktor Haarmark"]
[Black "Baekgaard, Martin"]
[Result "1-0"]
[WhiteElo "2296"]
[BlackElo "2311"]
[PlyCount "55"]
[EventDate "2021.10.30"]
[EventType "team-tourn"]
[EventRounds "9"]
[EventCountry "DEN"]
[SourceTitle "Live"]
[WhiteTeam "Obro"]
[BlackTeam "Jetsmark"]

1. e4 d6 2. d4 Nf6 3. Nc3 e5 4. Nf3 Nbd7 5. Rg1 c6 6. g4 g6 7. g5 Nh5 8. Be3
Bg7 9. Qd2 O-O 10. O-O-O Qa5 11. Kb1 b5 12. Ne2 Qxd2 13. Nxd2 Re8 14. dxe5 Nxe5
15. h3 f5 16. gxf6 Nxf6 17. Bg2 Bb7 18. Ng3 a5 19. Rge1 d5 20. Bd4 Nf7 21. Nb3
dxe4 22. Nc5 Rab8 23. Bxf6 Bxf6 24. Nd7 Be5 25. Nxb8 Rxb8 26. Bxe4 Bc8 27. Bxc6
Bxh3 28. Bd7 1-0